<?xml version="1.0" encoding="UTF-8"?>
<record
    xmlns:xsi="http://www.w3.org/2001/XMLSchema-instance"
    xsi:schemaLocation="http://www.loc.gov/MARC21/slim http://www.loc.gov/standards/marcxml/schema/MARC21slim.xsd"
    xmlns="http://www.loc.gov/MARC21/slim">

  <leader>00584nam a22002177a 4500</leader>
  <controlfield tag="003">OSt</controlfield>
  <controlfield tag="005">20230424163111.0</controlfield>
  <controlfield tag="008">230424b        |||||||| |||| 00| 0 eng d</controlfield>
  <datafield tag="020" ind1=" " ind2=" ">
    <subfield code="a">9789811307843</subfield>
  </datafield>
  <datafield tag="082" ind1=" " ind2=" ">
    <subfield code="2">22</subfield>
    <subfield code="a">573.7</subfield>
    <subfield code="b">P96E</subfield>
  </datafield>
  <datafield tag="100" ind1=" " ind2=" ">
    <subfield code="a">Punekar, N. S.</subfield>
  </datafield>
  <datafield tag="245" ind1=" " ind2=" ">
    <subfield code="a">ENZYMES: Catalysis, Kinetics and Mechanisms</subfield>
    <subfield code="c">by N. S. Punekar</subfield>
  </datafield>
  <datafield tag="260" ind1=" " ind2=" ">
    <subfield code="a">Singapore</subfield>
    <subfield code="b">Springer Nature</subfield>
    <subfield code="c">2018</subfield>
  </datafield>
  <datafield tag="300" ind1=" " ind2=" ">
    <subfield code="a">xxiii, 562p.</subfield>
    <subfield code="b">Hardback</subfield>
  </datafield>
  <datafield tag="653" ind1=" " ind2=" ">
    <subfield code="a">Enzymes</subfield>
  </datafield>
  <datafield tag="653" ind1=" " ind2=" ">
    <subfield code="a">Enzymology</subfield>
  </datafield>
  <datafield tag="653" ind1=" " ind2=" ">
    <subfield code="a">Microbiology</subfield>
  </datafield>
  <datafield tag="653" ind1=" " ind2=" ">
    <subfield code="a">Biochemistry</subfield>
  </datafield>
  <datafield tag="653" ind1=" " ind2=" ">
    <subfield code="a">Biomedical engineering</subfield>
  </datafield>
  <datafield tag="942" ind1=" " ind2=" ">
    <subfield code="2">ddc</subfield>
    <subfield code="c">BK</subfield>
  </datafield>
  <datafield tag="999" ind1=" " ind2=" ">
    <subfield code="c">26005</subfield>
    <subfield code="d">26005</subfield>
  </datafield>
  <datafield tag="952" ind1=" " ind2=" ">
    <subfield code="0">0</subfield>
    <subfield code="1">0</subfield>
    <subfield code="2">ddc</subfield>
    <subfield code="4">0</subfield>
    <subfield code="7">0</subfield>
    <subfield code="8">TXB</subfield>
    <subfield code="a">CURAJ</subfield>
    <subfield code="b">CURAJ</subfield>
    <subfield code="d">2023-04-24</subfield>
    <subfield code="e">BTH</subfield>
    <subfield code="g">7427.03</subfield>
    <subfield code="l">1</subfield>
    <subfield code="o">573.7 P96E</subfield>
    <subfield code="p">41221</subfield>
    <subfield code="r">2025-09-08</subfield>
    <subfield code="s">2025-08-22</subfield>
    <subfield code="w">2023-04-24</subfield>
    <subfield code="y">BK</subfield>
  </datafield>
  <datafield tag="952" ind1=" " ind2=" ">
    <subfield code="0">0</subfield>
    <subfield code="1">0</subfield>
    <subfield code="2">ddc</subfield>
    <subfield code="4">0</subfield>
    <subfield code="7">0</subfield>
    <subfield code="8">TXB</subfield>
    <subfield code="a">CURAJ</subfield>
    <subfield code="b">CURAJ</subfield>
    <subfield code="d">2023-04-24</subfield>
    <subfield code="e">BTH</subfield>
    <subfield code="g">7427.03</subfield>
    <subfield code="l">2</subfield>
    <subfield code="o">573.7 P96E</subfield>
    <subfield code="p">41222</subfield>
    <subfield code="r">2025-11-21</subfield>
    <subfield code="s">2025-11-04</subfield>
    <subfield code="w">2023-04-24</subfield>
    <subfield code="y">BK</subfield>
  </datafield>
  <datafield tag="952" ind1=" " ind2=" ">
    <subfield code="0">0</subfield>
    <subfield code="1">0</subfield>
    <subfield code="2">ddc</subfield>
    <subfield code="4">0</subfield>
    <subfield code="7">0</subfield>
    <subfield code="8">TXB</subfield>
    <subfield code="a">CURAJ</subfield>
    <subfield code="b">CURAJ</subfield>
    <subfield code="d">2023-04-24</subfield>
    <subfield code="e">BTH</subfield>
    <subfield code="g">7427.03</subfield>
    <subfield code="l">0</subfield>
    <subfield code="o">573.7 P96E</subfield>
    <subfield code="p">41223</subfield>
    <subfield code="r">2023-04-24</subfield>
    <subfield code="w">2023-04-24</subfield>
    <subfield code="y">BK</subfield>
  </datafield>
  <datafield tag="952" ind1=" " ind2=" ">
    <subfield code="0">0</subfield>
    <subfield code="1">0</subfield>
    <subfield code="2">ddc</subfield>
    <subfield code="4">0</subfield>
    <subfield code="7">0</subfield>
    <subfield code="8">TXB</subfield>
    <subfield code="a">CURAJ</subfield>
    <subfield code="b">CURAJ</subfield>
    <subfield code="d">2023-04-24</subfield>
    <subfield code="e">BTH</subfield>
    <subfield code="g">7427.03</subfield>
    <subfield code="l">2</subfield>
    <subfield code="o">573.7 P96E</subfield>
    <subfield code="p">41224</subfield>
    <subfield code="r">2025-09-12</subfield>
    <subfield code="s">2025-08-26</subfield>
    <subfield code="w">2023-04-24</subfield>
    <subfield code="y">BK</subfield>
  </datafield>
  <datafield tag="952" ind1=" " ind2=" ">
    <subfield code="0">0</subfield>
    <subfield code="1">0</subfield>
    <subfield code="2">ddc</subfield>
    <subfield code="4">0</subfield>
    <subfield code="5">1</subfield>
    <subfield code="7">1</subfield>
    <subfield code="8">RTB</subfield>
    <subfield code="a">CURAJ</subfield>
    <subfield code="b">CURAJ</subfield>
    <subfield code="d">2023-04-24</subfield>
    <subfield code="e">BTH</subfield>
    <subfield code="g">7427.03</subfield>
    <subfield code="l">0</subfield>
    <subfield code="o">573.7 P96E</subfield>
    <subfield code="p">41225</subfield>
    <subfield code="r">2023-04-24</subfield>
    <subfield code="w">2023-04-24</subfield>
    <subfield code="y">BK</subfield>
  </datafield>
</record>
